| 000 | 00842nmm a2200337 a 4500 | ||
|---|---|---|---|
| 003 | AR-BaBNM | ||
| 005 | 20251128203115.0 | ||
| 008 | 047019s1973 ||||||||||||||000 | spa|| | ||
| 040 | _cAR-BaBNM | ||
| 100 | 1 | _aReta, Alfonso | |
| 245 | 1 | 0 | _aAsí es Finlandia |
| 260 |
_aHelsinki _bOtava _c1973 |
||
| 300 | 0 |
_a79 p. _bdiagr., láms., il. |
|
| 504 | _aBibliografía: p. 77-79 | ||
| 650 | 4 | _aGUIAS DE VIAJE | |
| 650 | 4 | _aVIAJES | |
| 650 | 4 | _aTURISMO | |
| 650 | 4 | _aTRANSPORTE | |
| 650 | 4 | _aVIAJES AL EXTRANJERO | |
| 650 | 4 | _aPATRIMONIO CULTURAL | |
| 650 | 4 | _aMUSEOS | |
| 650 | 4 | _aMONUMENTOS HISTORICOS | |
| 650 | 4 | _aVISITAS A LOS MUSEOS | |
| 650 | 4 | _aARTE RELIGIOSO | |
| 650 | 4 | _aDISENO ARQUITECTONICO | |
| 650 | 4 | _aEDIFICIOS RELIGIOSOS | |
| 650 | 4 | _aPERIODICOS | |
| 651 | 4 | _aFinlandia | |
| 942 | _cBK | ||
| 998 | _cSILVI | ||
| 999 |
_c1929 _d1929 |
||